| 000 | 01102nam a2200241 i 4500 | ||
|---|---|---|---|
| 001 | 86317 | ||
| 003 | ES-MaACL | ||
| 005 | 20230906175423.0 | ||
| 007 | t| | ||
| 008 | 041227s2000 sp ||||1| spa d | ||
| 080 | _a929 Augusto (37) | ||
| 245 | 0 | 0 |
_aOctavio Augusto [ _hRecurso electrónico]. |
| 260 |
_a[Madrid] : _bDolmen, _c[2000] |
||
| 300 |
_a1 disco compacto (CD-ROM) : _bson., col. ; _c12 cm. |
||
| 490 | 1 |
_aLa historia y sus protagonistas ; _v3 |
|
| 505 | 8 | _aContiene: Roma: desde sus orígenes (754 a.C.) hasta la caída del Imperio Occidental (476) | |
| 538 | _aRequerimientos del sistema: Procesador Pentium 200 MMX o superior, Memoria RAM 32 Mb o más, Espacio libre en disco duro de 10 Mb o más, Windows 95 o posterior, Tarjeta gráfica 2 Mb, Lector de CD-ROM 16X o superior, Tarjeta de sonido con capacidad de sonido digitalizado y MIDI. | ||
| 600 | 1 | 4 |
_aAugusto _cEmperador de Roma- _xBiografías- _vCD-ROM. _923899 |
| 651 | 4 |
_aRoma- _xHistoria- _vCD-ROM. _99314 |
|
| 830 | 1 |
_aLa historia y sus protagonistas ; _v3 _9183979 |
|
| 852 |
_aES-MaACL _jROT 1/4/9 |
||
| 999 |
_c86317 _d86317 |
||